De las facultades y obligaciones de los jurados / (Record no. 162027)

MARC details
000 -LEADER
campo de control de longitud fija 01091nam a22002415i 4500
001 - NÚMERO DE CONTROL
campo de control 162027
003 - IDENTIFICADOR DE NÚMERO DE CONTROL
campo de control ES-MaACL
005 - FECHA Y HORA DE LA ÚLTIMA TRANSACCIÓN
campo de control 20250809040757.0
008 - DATOS DE LONGITUD FIJA--INFORMACIÓN GENERAL
campo de control de longitud fija 991022s1821 sp |||| | spa d
040 ## - FUENTE DE CATALOGACIÓN
Centro catalogador/agencia de origen M-RAJU
Lengua de catalogación spa
Centro/agencia transcriptor M-RAJU
Centro/agencia modificador CCPB | B
100 1# - ENTRADA PRINCIPAL--NOMBRE DE PERSONA
Nombre de persona Phillips, Richard.
9 (RLIN) 131115
245 10 - MENCIÓN DEL TÍTULO
Título De las facultades y obligaciones de los jurados /
Mención de responsabilidad, etc. escrito en ingles por Sir Richard Phillips ; traducido en frances por Mr. Comte ; puesto en castellano, y aumentado con la parte legislativa que sobre jurados está en práctica en Francia y en los Estados-Unidos de la América septentrional por Antonio Ortiz de Zarate y Herrera ...
260 ## - PUBLICACIÓN, DISTRIBUCIÓN, ETC.
Lugar de publicación, distribución, etc. Madrid :
Nombre del editor, distribuidor, etc. [s.n.],
Fecha de publicación, distribución, etc. 1821 (
Fabricante Imprenta de I. Sancha)
300 ## - DESCRIPCIÓN FÍSICA
Extensión CXLV, 462 p. ;
Dimensiones 20 cm.
650 #4 - PUNTO DE ACCESO ADICIONAL DE MATERIA--TÉRMINO DE MATERIA
Término de materia o nombre geográfico como elemento de entrada Jurado-
Subdivisión geográfica España.
9 (RLIN) 168369
650 #7 - PUNTO DE ACCESO ADICIONAL DE MATERIA--TÉRMINO DE MATERIA
Término de materia o nombre geográfico como elemento de entrada Derecho procesal
Fuente del encabezamiento o término embne
9 (RLIN) 135900
700 0# - ENTRADA AGREGADA--NOMBRE PERSONAL
Nombre de persona Comte, Charles.
9 (RLIN) 40058
700 1# - ENTRADA AGREGADA--NOMBRE PERSONAL
Nombre de persona Ortiz de Zárate y Herrera, Antonio.
9 (RLIN) 130719
852 ## - LOCALIZACIÓN
Ubicación ES-MaACL
Número de control de estantería G-8997
Nota libre -- Enc. hol.
852 ## - LOCALIZACIÓN
Ubicación ES-MaACL
Número de control de estantería D-1019
Nota libre -- Enc. pasta española
Holdings
Estatus retirado Estado de pérdida Estado de daño No para préstamo Colección Biblioteca de origen Biblioteca actual Ubicación en estantería Fecha de adquisición Fuente de adquisición Total de préstamos Signatura topográfica completa Código de barras Visto por última vez Precio de reemplazo Tipo de ítem Koha
        Libros del s. XIX Biblioteca del Ateneo de Madrid Biblioteca del Ateneo de Madrid Sala Valle Inclán 17/01/2008     D-1019 901169729 23/02/2023 23/02/2023 Libro impreso antiguo
        Libros del s. XIX Biblioteca del Ateneo de Madrid Biblioteca del Ateneo de Madrid Sala Pecera Planta 3 17/01/2008     G-8997 1169728 23/02/2023 23/02/2023 Libro impreso antiguo